| 000 | 00499nam a22001577a 4500 | ||
|---|---|---|---|
| 020 | _a9789696522362 | ||
| 082 |
_a891.439 _bMAN |
||
| 100 | _aDr.Muhammad Mushtaq Ahmed Mangat | ||
| 245 | _a Main tou aisa socht ahun | ||
| 260 |
_aلاہور: _bجمہوری پبلیکیشنز, _c2025. |
||
| 300 | _a184p. ; | ||
| 563 | _aHB | ||
| 880 |
_6100-01\(3\r _aڈاکٹر محمد مشتاق احمد منگٹ |
||
| 880 |
_6245-02\(3\r _aمیں تو ایسا سوچتا ہوں۔ |
||
| 942 |
_2ddc _cBK |
||
| 999 |
_c614936 _d614936 |
||